00588 a2200169 4500010001400000020002300014035001300037037001500050082001100065100002800076245012100104250001700225260005700242270005800299300004200357500001900399 aENG-88259 a8180040062c339.00 aEN-71792 bDBAD / PUB14a616.961 aParija, Subhash Chandra1 aText book of medical parasitology:cby Subhash Chandra Parijabprotozoology & helminthology (text and colour atlas)/ a3rd ed(repr) aNew DelhibAll India Publishers & Distributorsc2007 a4380/4B, Ansari Road, Darya Ganj,bNew Delhie110 002 axiii, 407p.c24cm (pbk )bb&w photos aIncludes index